[Event "ESP-chT Autonomicas 5th"]
[Site "Tossa de Mar"]
[Date "2010.04.29"]
[Round "1.43"]
[White "Perez Lopez, Jesus Maria"]
[Black "Caselas Cabanas, Jacobo"]
[Result "0-1"]
[WhiteElo "2266"]
[BlackElo "2428"]
[PlyCount "82"]
[EventDate "2010.04.29"]
[EventType "team-swiss"]
[EventRounds "6"]
[EventCountry "ESP"]
[SourceTitle "CBM 136 Extra"]
[Source "ChessBase"]
[SourceDate "2010.07.02"]
[SourceVersion "2"]
[SourceVersionDate "2010.07.15"]
[SourceQuality "1"]
[WhiteTeam "Cantabria"]
[BlackTeam "Galicia"]
[WhiteTeamCountry "ESP"]
[BlackTeamCountry "ESP"]

1. d4 d5 2. c4 dxc4 3. e3 Nf6 4. Bxc4 e6 5. Nf3 c5 6. 0-0 Nc6 7. Qe2 cxd4 8. Rd1 Be7 9. exd4 0-0 10. Nc3 Na5 11. Bd3 b6 12. Bg5 Bb7 13. Ne5 Rc8 14. Qe3 Nd5 15. Qh3 f5 16. Bxe7 Qxe7 17. Bf1 Qb4 18. Nd3 Qxd4 19. Nb5 Qa4 20. Nxa7 Ra8 21. b3 Qe8 22. b4 Nc4 23. Nb5 Qxb5 24. Nb2 Qxb4 25. Nxc4 Rfc8 26. Rab1 Qc5 27. Qb3 b5 28. Qxb5 Qxb5 29. Rxb5 Nc3 30. Rxb7 Nxd1 31. a3 Rab8 32. Re7 Re8 33. Rd7 Red8 34. Re7 Re8 35. Rd7 Rbd8 36. Ra7 e5 37. a4 e4 38. a5 f4 39. a6 e3 40. fxe3 fxe3 41. Be2 Nc3 0-1

[Event "Athens Acropolis op"]
[Site "Athens"]
[Date "2008.08.17"]
[Round "9"]
[White "Caselas Cabanas, Jacobo"]
[Black "Zhukova, Natalia"]
[Result "1/2-1/2"]
[WhiteElo "2418"]
[BlackElo "2489"]
[PlyCount "75"]
[EventDate "2008.08.09"]
[EventType "swiss"]
[EventRounds "9"]
[EventCountry "GRE"]
[SourceTitle "CBM 125 Extra"]
[Source "ChessBase"]
[SourceDate "2008.09.01"]
[SourceVersion "1"]
[SourceVersionDate "2008.09.01"]
[SourceQuality "1"]

1. d4 d5 2. Nf3 Nf6 3. c4 c6 4. Nc3 e6 5. e3 Nbd7 6. Bd3 a6 7. b3 Bb4 8. Bd2 Qe7 9. 0-0 e5 10. dxe5 Nxe5 11. Nxe5 Qxe5 12. Nxd5 Nxd5 13. cxd5 Bxd2 14. Qxd2 Qxd5 15. Qc2 Qh5 16. f4 0-0 17. e4 f6 18. Rae1 Be6 19. e5 f5 20. Bc4 Qf7 21. Rd1 Rad8 22. Rd3 Bxc4 23. bxc4 b5 24. cxb5 Rxd3 25. Qxd3 axb5 26. a3 Ra8 27. h3 h6 28. Kh1 Qc4 29. Rf3 Qxd3 30. Rxd3 c5 31. Rd5 b4 32. axb4 cxb4 33. Rb5 Ra1+ 34. Kh2 Rb1 35. Rb7 b3 36. e6 Re1 37. Rb8+ Kh7 38. Rxb3 1/2-1/2

[Event "Athens Acropolis op"]
[Site "Athens"]
[Date "2008.08.12"]
[Round "4"]
[White "Banikas, Hristos"]
[Black "Caselas Cabanas, Jacobo"]
[Result "1-0"]
[WhiteElo "2571"]
[BlackElo "2418"]
[PlyCount "47"]
[EventDate "2008.08.09"]
[EventType "swiss"]
[EventRounds "9"]
[EventCountry "GRE"]
[SourceTitle "CBM 125 Extra"]
[Source "ChessBase"]
[SourceDate "2008.09.01"]
[SourceVersion "1"]
[SourceVersionDate "2008.09.01"]
[SourceQuality "1"]

1. c4 e6 2. Nc3 d5 3. d4 Nf6 4. Bg5 Be7 5. e3 0-0 6. Nf3 h6 7. Bh4 Ne4 8. Bxe7 Qxe7 9. Rc1 Nxc3 10. Rxc3 c6 11. Qc2 Nd7 12. h3 dxc4 13. Bxc4 e5 14. 0-0 e4 15. Nd2 Nf6 16. Bb3 Re8 17. Rc5 Qd6 18. Re5 Rxe5 19. Nc4 Qb4 20. dxe5 Nd7 21. Rd1 b5 22. Nd6 Nxe5 23. a3 Qa5 24. Qxe4 1-0

[Event "ESP-chT Honor Gp2"]
[Site "Torrelavega"]
[Date "2007.06.27"]
[Round "1"]
[White "Caselas Cabanas, Jacobo"]
[Black "Torrecillas Martinez, Antonio"]
[Result "1-0"]
[WhiteElo "2423"]
[BlackElo "2385"]
[PlyCount "41"]
[EventDate "2007.06.27"]
[EventType "team"]
[EventRounds "5"]
[EventCountry "ESP"]
[SourceTitle "CBM 119"]
[Source "ChessBase"]
[SourceDate "2007.08.01"]
[SourceVersion "1"]
[SourceVersionDate "2007.08.01"]
[SourceQuality "1"]

1. d4 d6 2. Nf3 Nf6 3. c4 g6 4. Nc3 Bg7 5. e4 0-0 6. Be2 e5 7. Be3 exd4 8. Nxd4 Re8 9. f3 c6 10. Qd2 d5 11. exd5 cxd5 12. 0-0 Nc6 13. Rfd1 Nxd4 14. Bxd4 dxc4 15. Bxc4 Be6 16. Bb5 Re7 17. Qf2 Qc8 18. Qh4 a6 19. Bf1 h6 20. Bxf6 g5 21. Qd4 1-0

[Event "Sanxenxo op 4th"]
[Site "Sanxenxo"]
[Date "2007.06.23"]
[Round "8"]
[White "Caselas Cabanas, Jacobo"]
[Black "Orfali, Marcelo Rafael"]
[Result "1-0"]
[WhiteElo "2423"]
[BlackElo "2001"]
[PlyCount "73"]
[EventDate "2007.06.16"]
[EventType "swiss"]
[EventRounds "9"]
[EventCountry "ESP"]
[SourceTitle "CBM 118 Extra"]
[Source "ChessBase"]
[SourceDate "2007.07.04"]
[SourceVersion "1"]
[SourceVersionDate "2007.07.04"]
[SourceQuality "1"]

1. d4 Nf6 2. Bg5 d5 3. e3 c6 4. Bd3 Bg4 5. Ne2 Bh5 6. Bxf6 gxf6 7. 0-0 e5 8. c4 e4 9. Bc2 Qb6 10. cxd5 f5 11. Nbc3 Rg8 12. Qd2 Qd8 13. Ng3 Qg5 14. dxc6 Nxc6 15. Ba4 Bd6 16. Rac1 Rd8 17. Nb5 Bb8 18. Rc5 Bg4 19. Nc3 Rg6 20. Bd1 Rh6 21. Bxg4 Qxg4 22. f4 exf3 23. gxf3 Qh4 24. f4 Rdd6 25. Rxf5 Rdg6 26. Nce4 Ne7 27. Rg5 f5 28. Rxg6 Rxg6 29. Ng5 Bc7 30. Qg2 h6 31. Nf3 Qf6 32. Ne5 Rg8 33. Qxb7 Qd6 34. Rc1 Bd8 35. Qf3 Rg7 36. Kh1 Qe6 37. b3 1-0

[Event "Calvia Autonomicas-chT"]
[Site "Calvia"]
[Date "2007.05.04"]
[Round "2"]
[White "Aguera Naredo, Javier"]
[Black "Caselas Cabanas, Jacobo"]
[Result "1/2-1/2"]
[WhiteElo "2365"]
[BlackElo "2423"]
[PlyCount "43"]
[EventDate "2007.05.03"]
[EventType "team"]
[EventRounds "5"]
[EventCountry "ESP"]
[SourceTitle "CBM 118 Extra"]
[Source "ChessBase"]
[SourceDate "2007.07.04"]
[SourceVersion "1"]
[SourceVersionDate "2007.07.04"]
[SourceQuality "1"]

1. e4 e6 2. d4 d5 3. Nc3 Bb4 4. e5 Ne7 5. a3 Bxc3+ 6. bxc3 b6 7. Qg4 Ng6 8. h4 h5 9. Qg3 Ba6 10. Ne2 Kf8 11. a4 Nc6 12. Nf4 Bxf1 13. Nxg6+ fxg6 14. Kxf1 Kf7 15. Qf3+ Kg8 16. Qd3 Qe8 17. Ba3 Kh7 18. Rh3 Ne7 19. Bxe7 Qxe7 20. Rg3 Qf7 21. Rg5 Rhf8 22. f3 1/2-1/2

[Event "Mondariz op 4th"]
[Site "Mondariz"]
[Date "2006.08.22"]
[Round "1.5"]
[White "Gonzalez Campo, Greta"]
[Black "Caselas Cabanas, Jacobo"]
[Result "0-1"]
[WhiteElo "1874"]
[BlackElo "2406"]
[PlyCount "62"]
[EventDate "2006.08.22"]
[EventType "swiss"]
[EventRounds "9"]
[EventCountry "ESP"]
[SourceTitle "EXT 2007"]
[Source "ChessBase"]
[SourceDate "2006.11.23"]
[SourceVersion "1"]
[SourceVersionDate "2006.11.23"]
[SourceQuality "1"]

1. e4 e6 2. d3 d5 3. Nd2 Nf6 4. e5 Nfd7 5. d4 c5 6. c3 Nc6 7. Ngf3 cxd4 8. cxd4 Qb6 9. Nb3 a5 10. Qd3 Nb4 11. Qc3 Nxa2 12. Qc2 Nb4 13. Qd1 Qc7 14. Bd3 b6 15. Bf4 Nxd3+ 16. Qxd3 Ba6 17. Qd1 Rc8 18. Rc1 Qb7 19. Ng1 Bb4+ 20. Bd2 Bxd2+ 21. Qxd2 0-0 22. Ne2 a4 23. Na1 Rxc1+ 24. Nxc1 f6 25. f4 fxe5 26. fxe5 Qc7 27. Ne2 Bxe2 28. Kxe2 Qc4+ 29. Ke3 Nxe5 30. h3 Qc7 31. Ke2 Nc4 0-1

[Event "Ortigueira op 4th"]
[Site "Ortigueira"]
[Date "2005.08.16"]
[Round "5"]
[White "Diaz, Adolfo"]
[Black "Caselas Cabanas, Jacobo"]
[Result "0-1"]
[WhiteElo "2205"]
[BlackElo "2400"]
[PlyCount "122"]
[EventDate "2005.08.12"]
[EventType "swiss"]
[EventRounds "9"]
[EventCountry "ESP"]
[SourceTitle "CBM 107 Extra"]
[Source "ChessBase"]
[SourceDate "2005.09.01"]
[SourceVersion "1"]
[SourceVersionDate "2005.09.01"]
[SourceQuality "1"]

1. Nf3 d6 2. d4 Bg4 3. c4 Nd7 4. Qb3 Rb8 5. h3 Bxf3 6. Qxf3 g6 7. Qa3 a6 8. e4 Bg7 9. Be3 c5 10. dxc5 dxc5 11. Nc3 Bd4 12. Bd2 e6 13. Ne2 Bg7 14. Rd1 Qc7 15. Bf4 Be5 16. Bxe5 Qxe5 17. Qc3 Ngf6 18. Qxe5 Nxe5 19. Nc3 g5 20. Be2 h5 21. 0-0 Ke7 22. f4 gxf4 23. Rxf4 Rbd8 24. Rdf1 Rh6 25. Na4 Rd2 26. R1f2 h4 27. Nxc5 Rxb2 28. Nd3 Nxd3 29. Bxd3 Rxf2 30. Rxf2 Nd7 31. e5 Rh5 32. Rf4 Nxe5 33. Be2 Rh8 34. c5 Kd7 35. Re4 f6 36. Rb4 Kc7 37. Rb6 Re8 38. Rb4 Nd7 39. c6 bxc6 40. Rxh4 Ne5 41. Ra4 Kd6 42. Rxa6 Kd5 43. Ra3 c5 44. Rc3 Kd4 45. Rc2 c4 46. Kf2 c3 47. Bb5 Rg8 48. Rc1 Nd3+ 49. Bxd3 Kxd3 50. Rd1+ Kc4 51. Rd6 Rc8 52. Rxe6 c2 53. Re1 Kd3 54. Rc1 Kd2 55. Re1 c1Q 56. Rxc1 Rxc1 57. Kf3 Kd3 58. Kf4 Rf1+ 59. Kg4 Ke4 60. Kh5 f5 61. h4 Rg1 0-1

[Event "Ortigueira op 4th"]
[Site "Ortigueira"]
[Date "2005.08.14"]
[Round "3"]
[White "Petkov, Vladimir"]
[Black "Caselas Cabanas, Jacobo"]
[Result "1-0"]
[WhiteElo "2475"]
[BlackElo "2400"]
[PlyCount "59"]
[EventDate "2005.08.12"]
[EventType "swiss"]
[EventRounds "9"]
[EventCountry "ESP"]
[SourceTitle "CBM 107 Extra"]
[Source "ChessBase"]
[SourceDate "2005.09.01"]
[SourceVersion "1"]
[SourceVersionDate "2005.09.01"]
[SourceQuality "1"]

1. d4 d5 2. c4 e6 3. Nc3 c6 4. Nf3 Nf6 5. e3 Nbd7 6. Qc2 b6 7. cxd5 exd5 8. Bd3 Be7 9. 0-0 Bb7 10. e4 dxe4 11. Nxe4 0-0 12. Ne5 c5 13. Ng5 g6 14. Bc4 Nd5 15. Ngf3 cxd4 16. Bh6 Re8 17. Bb5 Nb4 18. Qb3 Bd5 19. Qa4 Nxe5 20. Nxe5 Bd6 21. Bxe8 Bxe5 22. Qxb4 Qxe8 23. Rfe1 Qe6 24. h3 Qd6 25. Qb5 a6 26. Qe2 f6 27. Rac1 b5 28. b3 Rd8 29. Red1 Bc6 30. f4 1-0

[Event "Ortigueira op 4th"]
[Site "Ortigueira"]
[Date "2005.08.13"]
[Round "2"]
[White "Caselas Cabanas, Jacobo"]
[Black "Fernandez Borrego, Pablo"]
[Result "1-0"]
[WhiteElo "2400"]
[BlackElo "1979"]
[PlyCount "69"]
[EventDate "2005.08.12"]
[EventType "swiss"]
[EventRounds "9"]
[EventCountry "ESP"]
[SourceTitle "CBM 107 Extra"]
[Source "ChessBase"]
[SourceDate "2005.09.01"]
[SourceVersion "1"]
[SourceVersionDate "2005.09.01"]
[SourceQuality "1"]

1. d4 e6 2. Nf3 d5 3. c4 Nf6 4. Nc3 Nbd7 5. Bg5 Be7 6. e3 0-0 7. Bd3 a6 8. c5 c6 9. b4 b6 10. 0-0 bxc5 11. bxc5 e5 12. Bxf6 Bxf6 13. dxe5 Nxe5 14. Nxe5 Bxe5 15. Bxh7+ Kxh7 16. Qh5+ Kg8 17. Qxe5 Re8 18. Qd4 Qg5 19. h4 Qh5 20. Qf4 Re6 21. Qg5 Qxg5 22. hxg5 Re5 23. g6 f6 24. Rab1 Rg5 25. Rb6 Rxg6 26. Ne2 Bd7 27. Rfb1 Bf5 28. Rb8+ Rxb8 29. Rxb8+ Kh7 30. Nd4 Bd3 31. Rb6 f5 32. Rxc6 Rg4 33. f3 Rh4 34. Rd6 f4 35. Ne6 1-0

[Event "POR-chT"]
[Site "Vila Nova de Gaia"]
[Date "2004.08.04"]
[Round "3.4"]
[White "Caselas Cabanas, Jacobo"]
[Black "Santos, Carlos Pereira Dos"]
[Result "0-1"]
[WhiteElo "2376"]
[BlackElo "2416"]
[PlyCount "60"]
[EventDate "2004.08.02"]
[EventType "team"]
[EventRounds "7"]
[EventCountry "POR"]
[SourceTitle "EXT 2005"]
[Source "ChessBase"]
[SourceDate "2004.11.15"]
[SourceVersion "1"]
[SourceVersionDate "2004.11.15"]
[SourceQuality "1"]
[WhiteTeam "02"]
[BlackTeam "01"]
[WhiteTeamCountry "POR"]
[BlackTeamCountry "POR"]

1. d4 d5 2. c4 c6 3. Nf3 Nf6 4. e3 g6 5. Nc3 Bg7 6. Qb3 0-0 7. Bd2 Qb6 8. Qa3 Bf5 9. Be2 Nbd7 10. 0-0 Rfe8 11. cxd5 cxd5 12. Rac1 Rec8 13. Nb5 Rxc1 14. Rxc1 a6 15. h3 Qd8 16. Nc3 h6 17. Qb3 Qb6 18. Qa3 Rc8 19. b3 Bf8 20. Na4 Qd8 21. Bb4 Ne4 22. Qb2 b5 23. Rxc8 Qxc8 24. Nc3 e6 25. Bxf8 Qxc3 26. Qa3 Qa1+ 27. Bf1 Nxf8 28. g4 Ng5 29. Ne5 Be4 30. Qe7 Nf3+ 0-1

[Event "Alonso Leira Memorial 3rd"]
[Site "Ferrol"]
[Date "2003.01.03"]
[Round "8.4"]
[White "Caselas Cabanas, Jacobo"]
[Black "Strikovic, Aleksa"]
[Result "1/2-1/2"]
[WhiteElo "2377"]
[BlackElo "2472"]
[PlyCount "23"]
[EventDate "2002.12.26"]
[EventType "tourn"]
[EventRounds "9"]
[EventCountry "ESP"]
[EventCategory "4"]
[SourceTitle "EXT 2004"]
[Source "ChessBase"]
[SourceDate "2003.11.25"]
[SourceVersion "1"]
[SourceVersionDate "2003.11.25"]
[SourceQuality "1"]

1. d4 d5 2. c4 e6 3. Nc3 Nf6 4. cxd5 exd5 5. Bg5 Nbd7 6. e3 c6 7. Bd3 Be7 8. Qc2 Nf8 9. Nf3 Ne6 10. Bxf6 Bxf6 11. 0-0 g6 12. b4 1/2-1/2

[Event "Batalha dos Mestres 4th"]
[Site "Lisbon"]
[Date "2003.??.??"]
[Round "1"]
[White "Caselas Cabanas, Jacobo"]
[Black "Santos, Antonio Pereira"]
[Result "1-0"]
[WhiteElo "2385"]
[BlackElo "2225"]
[PlyCount "101"]
[EventDate "2003.??.??"]
[EventType "tourn"]
[EventRounds "11"]
[EventCountry "POR"]
[EventCategory "1"]
[SourceTitle "EXT 2007"]
[Source "ChessBase"]
[SourceDate "2006.11.23"]
[SourceVersion "1"]
[SourceVersionDate "2006.11.23"]
[SourceQuality "1"]

1. d4 Nf6 2. Bg5 c5 3. Bxf6 gxf6 4. d5 Qb6 5. Qc1 d6 6. g3 Nd7 7. Nd2 h5 8. Ngf3 Bh6 9. Bh3 Ne5 10. Bxc8 Rxc8 11. 0-0 h4 12. Nxh4 Qb4 13. e3 Qg4 14. f4 Ng6 15. Nxg6 fxg6 16. Qd1 Qh3 17. Qe2 Bg7 18. Rf2 Rh5 19. Qb5+ Kf7 20. Qxb7 Rch8 21. Ne4 Kf8 22. Qb8+ Kf7 23. Qxa7 Kf8 24. Qa8+ Kf7 25. Qa6 Rxd5 26. Qc4 Qe6 27. Raf1 Rb8 28. Nc3 Re5 29. Qxe6+ Rxe6 30. Nd1 Re4 31. Rd2 f5 32. c3 c4 33. Re1 Ra8 34. a3 Rb8 35. Nf2 Re6 36. Nh3 Bf6 37. Ree2 Rb5 38. Kf2 d5 39. Ng1 Reb6 40. Nf3 e6 41. h3 Kg7 42. g4 Ra5 43. Kg3 Ra8 44. Rh2 Be7 45. Rde2 Rh8 46. h4 Bd6 47. Reg2 Bc5 48. h5 gxh5 49. gxh5 Bxe3 50. Ne5 Kf6 51. Kf3 1-0

[Event "Batalha dos Mestres 4th"]
[Site "Lisbon"]
[Date "2003.??.??"]
[Round "7"]
[White "Santos, Carlos Pereira Dos"]
[Black "Caselas Cabanas, Jacobo"]
[Result "1-0"]
[WhiteElo "2405"]
[BlackElo "2385"]
[PlyCount "109"]
[EventDate "2003.??.??"]
[EventType "tourn"]
[EventRounds "11"]
[EventCountry "POR"]
[EventCategory "1"]
[SourceTitle "EXT 2007"]
[Source "ChessBase"]
[SourceDate "2006.11.23"]
[SourceVersion "1"]
[SourceVersionDate "2006.11.23"]
[SourceQuality "1"]

1. d4 Nf6 2. c4 e6 3. Nf3 Bb4+ 4. Nbd2 b6 5. e3 Bb7 6. Bd3 Bxd2+ 7. Bxd2 Ne4 8. 0-0 d6 9. Qc2 f5 10. d5 exd5 11. Nd4 Qd7 12. cxd5 Bxd5 13. Nxf5 Nxd2 14. Qxd2 0-0 15. e4 Bb7 16. Qc3 Na6 17. Bc4+ d5 18. Rad1 Rxf5 19. exf5 Qxf5 20. Bd3 Qg5 21. Rfe1 Nc5 22. b4 Nxd3 23. Qxd3 Rf8 24. b5 d4 25. Qg3 Qf6 26. Rd2 c5 27. bxc6 Bxc6 28. Qg4 d3 29. Qc4+ Kh8 30. Qxd3 Qg5 31. f4 Qxf4 32. Rf1 Qxf1+ 33. Qxf1 Rxf1+ 34. Kxf1 h6 35. Kf2 Kh7 36. a3 Kg8 37. Rd8+ Kh7 38. g3 Be4 39. Ke3 Bg2 40. Kd4 Bf1 41. Rd7 a5 42. Rb7 b5 43. Kc5 b4 44. a4 Bd3 45. Kb6 b3 46. Kxa5 Bc2 47. Rb4 Kg6 48. Kb5 Kf5 49. a5 Bd3+ 50. Ka4 g5 51. Kxb3 h5 52. Rd4 Be2 53. Kb4 Ke5 54. Kc5 g4 55. Rf4 1-0

[Event "POR-chT1"]
[Site "Lisbon"]
[Date "2003.??.??"]
[Round "1.4"]
[White "Santos, Carlos Pereira Dos"]
[Black "Caselas Cabanas, Jacobo"]
[Result "1/2-1/2"]
[WhiteElo "2414"]
[BlackElo "2394"]
[PlyCount "42"]
[EventDate "2003.??.??"]
[EventType "team"]
[EventRounds "9"]
[EventCountry "POR"]
[SourceTitle "EXT 2004"]
[Source "ChessBase"]
[SourceDate "2003.11.25"]
[SourceVersion "1"]
[SourceVersionDate "2003.11.25"]
[SourceQuality "1"]

1. d4 d5 2. c4 dxc4 3. Nf3 Nf6 4. e3 e6 5. Bxc4 c5 6. 0-0 Nc6 7. Qe2 cxd4 8. Rd1 Be7 9. exd4 0-0 10. Bg5 b6 11. Nc3 Na5 12. Ne5 Bb7 13. Bd3 Rc8 14. Bc2 Nd5 15. Qh5 f5 16. Bd2 Nb4 17. Ba4 Qd6 18. Qh3 Rfd8 19. Qh5 Rf8 20. Qh3 Rfd8 21. Qh5 Rf8 1/2-1/2

[Event "Batalha dos Mestres 4th"]
[Site "Lisbon"]
[Date "2003.??.??"]
[Round "5"]
[White "Ulyanovskyy, Viktor"]
[Black "Caselas Cabanas, Jacobo"]
[Result "1-0"]
[WhiteElo "2235"]
[BlackElo "2385"]
[PlyCount "155"]
[EventDate "2003.??.??"]
[EventType "tourn"]
[EventRounds "11"]
[EventCountry "POR"]
[EventCategory "1"]
[SourceTitle "EXT 2007"]
[Source "ChessBase"]
[SourceDate "2006.11.23"]
[SourceVersion "1"]
[SourceVersionDate "2006.11.23"]
[SourceQuality "1"]

1. e4 e6 2. d4 d5 3. exd5 exd5 4. Nf3 Nf6 5. Bd3 Bg4 6. 0-0 Be7 7. Re1 0-0 8. Bg5 Nbd7 9. Nbd2 c5 10. h3 Bh5 11. Qe2 Bd6 12. Qf1 Qc7 13. c3 h6 14. dxc5 Bxc5 15. Be3 a6 16. Nd4 Rae8 17. N2b3 Ba7 18. g3 Ne4 19. Bf4 Qb6 20. a4 f5 21. Qg2 Kh8 22. a5 Qf6 23. f3 Nec5 24. Nxc5 Nxc5 25. Bc2 Ne6 26. Be5 Nxd4 27. Bxf6 Nxc2+ 28. Kf1 Nxe1 29. Bxg7+ Kxg7 30. Rxe1 Rxe1+ 31. Kxe1 Re8+ 32. Kd1 Re3 33. g4 fxg4 34. hxg4 Bf7 35. Qg3 d4 36. Qf4 Bb3+ 37. Kd2 dxc3+ 38. bxc3 Re7 39. Qb4 Rd7+ 40. Ke1 Be6 41. Qe4 Bf7 42. Qe5+ Kg8 43. Qf6 Be3 44. f4 Bd2+ 45. Ke2 Rd5 46. Kf2 Rd3 47. Qxh6 Bxc3 48. f5 Bd4+ 49. Ke1 Bg7 50. Qf4 Rd4 51. Qg5 Rd5 52. Kf2 Rd6 53. Qe7 Rd4 54. Kf3 Rd3+ 55. Ke2 Rd5 56. Kf3 Rd3+ 57. Kf4 Rd4+ 58. Kg3 Rd3+ 59. Kh4 Rd4 60. Kg3 Rd3+ 61. Kh4 Rd4 62. Kg5 Bf8 63. Qxb7 Rd6 64. Kh4 Rf6 65. Kh3 Bh6 66. Qb8+ Kg7 67. Qb4 Kh7 68. Qb1 Bg7 69. Qb7 Be8 70. Qc7 Bf7 71. Qd7 Bc4 72. g5 Rf8 73. f6 Rf7 74. Qf5+ Kg8 75. Qc8+ Kh7 76. fxg7 Rf4 77. Kg3 Rd4 78. Qh8+ 1-0

[Event "Alonso Leira Memorial 3rd"]
[Site "Ferrol"]
[Date "2002.12.30"]
[Round "5.1"]
[White "Caselas Cabanas, Jacobo"]
[Black "Sande Edreira, Jose Antonio"]
[Result "1-0"]
[WhiteElo "2377"]
[BlackElo "2263"]
[PlyCount "105"]
[EventDate "2002.12.26"]
[EventType "tourn"]
[EventRounds "9"]
[EventCountry "ESP"]
[EventCategory "4"]
[SourceTitle "EXT 2004"]
[Source "ChessBase"]
[SourceDate "2003.11.25"]
[SourceVersion "1"]
[SourceVersionDate "2003.11.25"]
[SourceQuality "1"]

1. d4 Nf6 2. Bg5 Ne4 3. Bf4 c5 4. f3 Qa5+ 5. c3 Nf6 6. Nd2 cxd4 7. Nb3 Qb6 8. Qxd4 Qxd4 9. cxd4 d5 10. e3 e6 11. Ne2 Nh5 12. Be5 Nc6 13. g4 Nf6 14. Bg3 Bb4+ 15. Kf2 h5 16. a3 Be7 17. g5 Nd7 18. h4 g6 19. Nc3 a6 20. Rc1 0-0 21. Bd3 Bd8 22. Rc2 Re8 23. Rhc1 Bb6 24. Na4 Ba7 25. Nc3 Bb8 26. Bxb8 Rxb8 27. Bf1 Kf8 28. Re1 Nb6 29. Nc5 Ne7 30. N3a4 Nxa4 31. Nxa4 b5 32. Nc5 Nf5 33. Bh3 Nxh4 34. e4 dxe4 35. fxe4 f6 36. gxf6 Kf7 37. e5 g5 38. Ne4 Kg6 39. Rc7 g4 40. Rg7+ Kh6 41. Bxg4 Rb7 42. Rxb7 Bxb7 43. Nd6 hxg4 44. Nxe8 Kg5 45. f7 Ng6 46. Kg3 Nf8 47. Nc7 Kg6 48. d5 Kxf7 49. Rf1+ Kg8 50. dxe6 Ng6 51. Kxg4 Bg2 52. Rf2 Be4 53. Kg5 1-0

[Event "Alonso Leira Memorial 3rd"]
[Site "Ferrol"]
[Date "2002.12.29"]
[Round "4.5"]
[White "Garcia Carbo, Marcial"]
[Black "Caselas Cabanas, Jacobo"]
[Result "1/2-1/2"]
[WhiteElo "2385"]
[BlackElo "2377"]
[PlyCount "24"]
[EventDate "2002.12.26"]
[EventType "tourn"]
[EventRounds "9"]
[EventCountry "ESP"]
[EventCategory "4"]
[SourceTitle "EXT 2004"]
[Source "ChessBase"]
[SourceDate "2003.11.25"]
[SourceVersion "1"]
[SourceVersionDate "2003.11.25"]
[SourceQuality "1"]

1. d4 Nf6 2. c4 c5 3. Nf3 e6 4. Nc3 d5 5. cxd5 Nxd5 6. e4 Nxc3 7. bxc3 cxd4 8. cxd4 Bb4+ 9. Bd2 Bxd2+ 10. Qxd2 Nc6 11. Bc4 0-0 12. 0-0 b6 1/2-1/2

[Event "Alonso Leira Memorial 3rd"]
[Site "Ferrol"]
[Date "2002.12.28"]
[Round "3.2"]
[White "Caselas Cabanas, Jacobo"]
[Black "Llaneza Vega, Patricia"]
[Result "1/2-1/2"]
[WhiteElo "2377"]
[BlackElo "2312"]
[PlyCount "150"]
[EventDate "2002.12.26"]
[EventType "tourn"]
[EventRounds "9"]
[EventCountry "ESP"]
[EventCategory "4"]
[SourceTitle "EXT 2004"]
[Source "ChessBase"]
[SourceDate "2003.11.25"]
[SourceVersion "1"]
[SourceVersionDate "2003.11.25"]
[SourceQuality "1"]

1. d4 Nf6 2. Bg5 Ne4 3. Bf4 c5 4. f3 Qa5+ 5. c3 Nf6 6. Nd2 cxd4 7. Nb3 Qb6 8. Qxd4 Nc6 9. Qxb6 axb6 10. Nd4 Nxd4 11. cxd4 d6 12. e4 g6 13. Ne2 Bg7 14. Nc3 0-0 15. Bd3 Be6 16. Be3 Rfc8 17. Kd2 Bc4 18. Rhc1 Kf8 19. Nb5 Bxb5 20. Bxb5 e6 21. a4 Ke7 22. Kd3 Ne8 23. Rxc8 Rxc8 24. Kd2 Nc7 25. Rc1 Kd8 26. Bd3 Na6 27. Bg5+ f6 28. Rxc8+ Kxc8 29. Bf4 d5 30. Kc3 Nb8 31. exd5 exd5 32. Bb1 Nc6 33. Ba2 Ne7 34. Bd6 Nf5 35. Bb4 Nh4 36. Bxd5 Nxg2 37. Bd6 Ne3 38. Be6+ Kd8 39. Bc4 Ng2 40. Bg3 f5 41. Kd3 h5 42. Bf7 h4 43. Bf2 Ke7 44. Bg8 Bh6 45. d5 Bf4 46. Bg1 Bd6 47. Kc4 Ne1 48. Bxb6 Bxh2 49. d6+ Bxd6 50. Bd5 h3 51. f4 Bxf4 52. Bxb7 g5 53. a5 g4 54. a6 Bb8 55. Bc7 Ba7 56. Bh1 Ng2 57. Kb5 f4 58. Bb6 Bb8 59. Kc6 Ne3 60. Kb7 g3 61. Kxb8 g2 62. Bxg2 hxg2 63. a7 g1Q 64. a8Q Qg8+ 65. Ka7 Qxa8+ 66. Kxa8 Kd6 67. b4 Kc6 68. Ka7 Nd5 69. Bc5 f3 70. Kb8 Nxb4 71. Bg1 Nd5 72. Kc8 Nf4 73. Kd8 Kd5 74. Ke7 Nh3 75. Ba7 Ke4 1/2-1/2

[Event "POR-chT"]
[Site "Lisbon"]
[Date "2002.08.15"]
[Round "5.4"]
[White "Vassallo Barroche, Mauricio"]
[Black "Caselas Cabanas, Jacobo"]
[Result "1-0"]
[WhiteElo "2426"]
[BlackElo "2356"]
[PlyCount "75"]
[EventDate "2002.08.11"]
[EventType "team"]
[EventRounds "9"]
[EventCountry "POR"]
[SourceTitle "EXT 2004"]
[Source "ChessBase"]
[SourceDate "2003.11.25"]
[SourceVersion "1"]
[SourceVersionDate "2003.11.25"]
[SourceQuality "1"]

1. Nf3 d5 2. g3 Nc6 3. Bg2 e5 4. 0-0 Nf6 5. d3 Be7 6. c3 a5 7. Nbd2 0-0 8. Qc2 b6 9. b3 Re8 10. Bb2 Bf8 11. c4 Bb7 12. cxd5 Nxd5 13. Nc4 f6 14. a3 Bc5 15. e3 Qd7 16. Rfd1 Bf8 17. Rac1 Rad8 18. Ncd2 Kh8 19. Ne4 Nce7 20. d4 exd4 21. Nxd4 c5 22. Nf3 Qc8 23. Neg5 fxg5 24. Nxg5 Ng6 25. Nf7+ Kg8 26. Nxd8 Rxd8 27. b4 axb4 28. axb4 Kh8 29. Qb3 Nge7 30. bxc5 bxc5 31. Ba3 Rd7 32. Rxc5 Qd8 33. Rb5 Nc3 34. Rxd7 Ne2+ 35. Kf1 Bxg2+ 36. Kxg2 Qxd7 37. Bxe7 Qxe7 38. Qc4 1-0

[Event "POR-chT"]
[Site "Lisbon"]
[Date "2002.08.14"]
[Round "4.3"]
[White "Caselas Cabanas, Jacobo"]
[Black "Blalock, Rex E"]
[Result "1-0"]
[WhiteElo "2356"]
[BlackElo "2225"]
[PlyCount "69"]
[EventDate "2002.08.11"]
[EventType "team"]
[EventRounds "9"]
[EventCountry "POR"]
[SourceTitle "EXT 2004"]
[Source "ChessBase"]
[SourceDate "2003.11.25"]
[SourceVersion "1"]
[SourceVersionDate "2003.11.25"]
[SourceQuality "1"]

1. d4 Nf6 2. Bg5 c5 3. d5 Qb6 4. Bxf6 gxf6 5. Qc1 f5 6. g3 Bh6 7. e3 Bg7 8. c3 d6 9. Bg2 Nd7 10. Ne2 Ne5 11. 0-0 Bd7 12. Nf4 h5 13. h4 0-0-0 14. Nd2 Kb8 15. Rb1 Rc8 16. Qd1 Ng4 17. Re1 Bf6 18. a4 Rcg8 19. Nc4 Qc7 20. Rc1 Ne5 21. Nxe5 Bxe5 22. b3 Qa5 23. c4 Bxf4 24. exf4 Qd8 25. Bf3 e5 26. dxe6 Bxe6 27. Kf1 Qb6 28. Rc3 Rd8 29. Rd3 Rhe8 30. Bxh5 Kc7 31. Bf3 Qb4 32. Re2 a6 33. Red2 b5 34. Rxd6 Rxd6 35. Rxd6 1-0